Statistiche per Rosa Inter 2023-2024

Clicka qui per fare il quiz!

Statistiche generali

  • Questo quiz è stato fatto 122 volte
    (6 dall'ultimo reset)
  • Il punteggio medio è 17 su 27

Statistiche sulle risposte

RuoloCalciatore% Corretto
AllenatoreSimone Inzaghi
100%
DAlessandro Bastoni
75%
CCarlos Augusto
75%
CDenzel Dumfries
75%
PEmil Audero
75%
DFederico Dimarco
75%
DFrancesco Acerbi
75%
CKristjan Asllani
75%
ALautaro Martinez
75%
AMarcus Thuram
75%
DMatteo Darmian
75%
CNicolò Barella
75%
CStefano Sensi
75%
DYann Bisseck
75%
PYann Sommer
75%
AAlexis Sanchez
50%
CDavide Frattesi
50%
CDavy Klaassen
50%
CHakan Calhanoglu
50%
CHenrikh Mkhitaryan
50%
CJuan Cuadrado
50%
AMarko Arnautovic
50%
PRaffaele Di Gennaro
50%
DStefan de Vrij
50%
CTajon Buchanan
50%
DBenjamin Pavard
25%
CLucien Agoumé
25%

Distribuzione punteggi

Percentile per numero di risposta

Percentuale di utenti per punteggio

I tuoi punteggi nel tempo

Non hai fatto questo quiz dall'ultimo reset